00490 a2200169 450000100060000002000150000604000240002110000210004524000410006624500360010730000070014336200090015065000310015994200070019095201060019799900170030369358 a8572084495 cAnchieta - Itaigara aSypriano, Lilian10aMãos ao alto! É um assalto!lpor10aMãos ao alto! É um assalto! a320 a2006 4aLiteratura infanto-juvenil cBK 00104070a88.1b88.1d2023-11-21l0o028.5 SYP MÃOp1581/ITAr2023-11-21 20:03:52w2023-11-21yBK c69358d69358